Các quá trình thiết bị trong công nghiệp hóa chất và thực phẩm :

में बचाया:
ग्रंथसूची विवरण
मुख्य लेखक: Nguyễn Văn Lục
स्वरूप: पुस्तक
भाषा:Undetermined
प्रकाशित: Tp. HCM Trường Đại học Kỹ Thuật
विषय:
टैग : टैग जोड़ें
कोई टैग नहीं, इस रिकॉर्ड को टैग करने वाले पहले व्यक्ति बनें!
Thư viện lưu trữ: Trung tâm Học liệu Trường Đại học Cần Thơ
LEADER 00675nam a2200181Ia 4500
001 CTU_29814
008 210402s9999 xx 000 0 und d
020 |b 23.000đ 
082 |a 681.754 
082 |b L501 
100 |a Nguyễn Văn Lục 
245 0 |a Các quá trình thiết bị trong công nghiệp hóa chất và thực phẩm : 
245 0 |c Nguyễn Văn Lục 
260 |a Tp. HCM 
260 |b Trường Đại học Kỹ Thuật 
650 |a chemical apparatus,chemical engineering - equipment and supplies,scientific apparatus and instruments 
904 |i Minh, 990423 
980 |a Trung tâm Học liệu Trường Đại học Cần Thơ